Chromatographic seperation and extraction with foamed plastics and rubbers (Record no. 38991)

MARC details
000 -LEADER
fixed length control field 00412nam a2200145Ia 4500
082 ## - DEWEY DECIMAL CLASSIFICATION NUMBER
Classification number 543.544:678
Item number MOO
100 ## - MAIN ENTRY--AUTHOR NAME
Personal name Moody, G J
245 #0 - TITLE STATEMENT
Title Chromatographic seperation and extraction with foamed plastics and rubbers
260 ## - PUBLICATION, DISTRIBUTION, ETC. (IMPRINT)
Place of publication New York
Name of publisher Marcel Dekker
Year of publication 1982
650 ## - SUBJECT ADDED ENTRY--TOPICAL TERM
Topical Term Foam rubber
650 ## - SUBJECT ADDED ENTRY--TOPICAL TERM
Topical Term Polyurethane
700 ## - ADDED ENTRY--PERSONAL NAME
Personal name Thomas, J D R
942 ## - ADDED ENTRY ELEMENTS (KOHA)
Koha item type Books
Holdings
Withdrawn status Lost status Damaged status Not for loan Home library Current library Date acquired Cost, normal purchase price Full call number Accession Number Koha item type
        RRII Library RRII Library 16/12/2021 492.62 543.544:678 MOO 19339 Books